Laserové zváranie T-spojov medi s Inconelom

Gespeichert in:
Bibliographische Detailangaben
1. Verfasser: Šebík, Andrej (Verfasst von)
Weitere Verfasser: Kovačócy, Pavel (Betreuung Doktorarbeit)
Format: Manuskript Buch
Sprache:Slowakisch
Veröffentlicht: 2025
Schlagworte:
Online-Zugang:http://is.stuba.sk/zp/portal_zp.pl?podrobnosti=186123
Tags: Tag hinzufügen
Keine Tags, Fügen Sie das erste Tag hinzu!

MARC

LEADER 00000ntm a22000003a 4500
001 stuzp104122
003 SK-STU
005 20250614212645.2
007 ta
008 150427s2015----xo-----f-mn---000-0-slo-d
040 |a STU  |b slo 
041 0 |a slo 
100 1 |a Šebík, Andrej  |u 063000  |4 aut  |U MTF Materiálovotechnologická fakulta  |T MTF Ústav výrobných technológií  |X 110253  |U M3000  |Y 83  |7 110253 
242 0 1 |a Laser welding of T-joints of copper with Inconel  |y eng 
245 1 0 |a Laserové zváranie T-spojov medi s Inconelom 
260 |c 2025 
650 4 |a copper ETP  |2 eng 
650 4 |a laser welding  |2 eng 
650 4 |a Inconel 625  |2 eng 
650 4 |a zváranie laserom  |2 slo 
650 4 |a Inconel 625  |2 slo 
650 4 |a meď ETP  |2 slo 
700 1 |a Kovačócy, Pavel  |u 063100  |k Z1  |4 ths  |U MTF Ústav výrobných technológií  |T MTF Katedra zvárania a spájania materiálov  |X 4171  |U M3100  |Y 162  |7 A000004171 
856 4 |u http://is.stuba.sk/zp/portal_zp.pl?podrobnosti=186123 
996 |c M* DP-15649  |l MMSKP  |s P  |a 0  |w stuzp104122_0001